International economic development law
| Tipo de documento: | Print Colección / Revista |
|---|---|
| Lenguaje: | Inglés |
| Publicado: |
The Hague [u.a.]
Kluwer Law Internat.
1995-2003
Dordrecht [u.a.] Nijhoff 1995,1 London [u.a.] Kluwer Law Internat. 1995,2-1998,8 |
| En: | Año: 1995 |
| Verificar disponibilidad: | HBZ Gateway |
| Volúmenes / Artículos: | Mostrar volumes / artículos. |
| Palabras clave: |
MARC
| LEADER | 00000cas a2200000 c 4500 | ||
|---|---|---|---|
| 001 | 245391177 | ||
| 003 | DE-627 | ||
| 005 | 20250604140843.0 | ||
| 007 | tu | ||
| 008 | 980618d19952003ne z| m| 0 |0eng c | ||
| 016 | 7 | |a 019257384 |2 DE-101 | |
| 016 | 7 | |a 1431562-2 |2 DE-600 | |
| 035 | |a (DE-627)245391177 | ||
| 035 | |a (DE-576)047371811 | ||
| 035 | |a (DE-599)ZDB1431562-2 | ||
| 035 | |a (OCoLC)1368142903 | ||
| 040 | |a DE-627 |b ger |c DE-627 |e rakwb | ||
| 041 | |a eng | ||
| 044 | |c XA-NL |c XA-GB |c XD-US | ||
| 082 | 0 | 4 | |a 340 |a 300 |a 330 |q DE-600 |
| 245 | 0 | 0 | |a International economic development law |
| 246 | 1 | |i Nebent. |a International economic development law series | |
| 264 | 3 | 1 | |a The Hague [u.a.] |b Kluwer Law Internat. |c 1995-2003 |
| 264 | 2 | 1 | |a Dordrecht [u.a.] |b Nijhoff |c 1995,1 |
| 264 | 2 | 1 | |a London [u.a.] |b Kluwer Law Internat. |c 1995,2-1998,8 |
| 336 | |a Text |b txt |2 rdacontent | ||
| 337 | |a ohne Hilfsmittel zu benutzen |b n |2 rdamedia | ||
| 338 | |a Band |b nc |2 rdacarrier | ||
| 362 | 0 | |a 1.1995 - 18.2003; damit Ersch. eingest. | |
| 363 | 0 | 0 | |a 1 |i 1995 |
| 363 | 1 | 0 | |a 18 |i 2003 |
| 655 | 7 | |a Monografische Reihe |0 (DE-588)4179998-7 |0 (DE-627)104628669 |0 (DE-576)209995106 |2 gnd-content | |
| 889 | |w (DE-603)084492600 | ||
| 935 | |i sdedup20221105 | ||
| 951 | |a ST | ||
| ELC | |b 1 | ||
| LOK | |0 000 xxxxxcx a22 zn 4500 | ||
| LOK | |0 001 226374228X | ||
| LOK | |0 003 DE-627 | ||
| LOK | |0 004 245391177 | ||
| LOK | |0 005 20010126000000 | ||
| LOK | |0 008 980814||||||||||||||||ger||||||| | ||
| LOK | |0 040 |a DE-21 |c DE-627 |d DE-21 | ||
| LOK | |0 852 |a DE-21 | ||
| LOK | |0 852 1 |9 00 | ||
| LOK | |0 939 |a 14-08-98 |b l01 | ||
| LOK | |0 000 xxxxxcx a22 zn 4500 | ||
| LOK | |0 001 2263742298 | ||
| LOK | |0 003 DE-627 | ||
| LOK | |0 004 245391177 | ||
| LOK | |0 005 20010130000000 | ||
| LOK | |0 008 010130||||||||||||||||ger||||||| | ||
| LOK | |0 040 |a DE-21-24 |c DE-627 |d DE-21-24 | ||
| LOK | |0 852 |a DE-21-24 | ||
| LOK | |0 852 1 |m p |9 00 | ||
| LOK | |0 938 |k p | ||
| LOK | |0 939 |a 30-01-01 |b l01 | ||
| LOK | |0 000 xxxxxcx a22 zn 4500 | ||
| LOK | |0 001 2263742220 | ||
| LOK | |0 003 DE-627 | ||
| LOK | |0 004 245391177 | ||
| LOK | |0 005 19960313000000 | ||
| LOK | |0 008 960313||||||||||||||||ger||||||| | ||
| LOK | |0 040 |a DE-Frei85 |c DE-627 |d DE-Frei85 | ||
| LOK | |0 852 |a DE-Frei85 | ||
| LOK | |0 852 1 |m p |9 00 | ||
| LOK | |0 938 |k p | ||
| LOK | |0 939 |a 13-03-96 |b l01 | ||
| ORI | |a SA-MARC-krimdokb001.raw | ||
| SPR | |a 1 |t KRI | ||
